000 00962nam a22003017a 4500
001 BR9402945
003 BR-BrBNA
005 20230928094039.0
007 ta
008 230509b bl.||||| |||| 00| 0 por d
040 _aBR-BrBNA
_bpor
_cBiblioteca Nacional de Agricultura
041 _a(Por)
072 _aL73
_b8830
_b4110
090 _ 8830 BR9402945
100 1 _aFerreira Neto, J.S.
110 1 _aUniversidade de Sao Paulo, SP (Brasil). Faculdade de Medicina Veterinaria e Zootecnia
_0Tese (Doutor em Patologia Experimental)
_910560
245 1 _aInfluencia da administracao prolongada do triclorfon na evolucao da tuberculose em hamster
260 3 _aSao Paulo, SP (Brasil):
_c1992.
300 _a80 p.
500 _a28 tables; Summaries (Eng, Por); 46 ref.
650 _aHamster
650 _aTuberculose
650 _aMicobacteria
650 _aPesticida
650 _aIntoxicacao
909 _a202309
_bLucia
_c55
_dLucia Elande
942 _cBK
999 _c48584
_d48584